| Tag |
First Indicator |
Second Indicator |
Subfields |
| LEADER |
00000cam a2200000 a 4500 |
| 001 |
in00001323321 |
| 005 |
20151005081105.0 |
| 008 |
960410s1996 nyua b 001 0 eng |
| 010 |
|
|
|a 96017232
|
| 020 |
|
|
|a 038794530X
|z 03874530X (hardcover : alk. paper)
|
| 035 |
|
|
|a (OCoLC)34598084
|
| 035 |
|
|
|9 AHD2993AM
|
| 040 |
|
|
|a DLC
|c DLC
|d C#P
|d TXA
|d UtOrBLW
|
| 049 |
|
|
|a TXAM
|
| 050 |
0 |
0 |
|a QA1
|b .A647 vol. 120
|a QA371
|
| 082 |
0 |
0 |
|a 515/.35
|2 20
|
| 100 |
1 |
|
|a Kirsch, Andreas,
|d 1953-
|
| 245 |
1 |
3 |
|a An introduction to the mathematical theory of inverse problems /
|c Andreas Kirsch.
|
| 264 |
|
1 |
|a New York :
|b Springer,
|c [1996]
|
| 264 |
|
4 |
|c ©1996
|
| 300 |
|
|
|a x, 282 pages :
|b illustrations ;
|c 25 cm.
|
| 336 |
|
|
|a text
|b txt
|2 rdacontent
|
| 337 |
|
|
|a unmediated
|b n
|2 rdamedia
|
| 338 |
|
|
|a volume
|b nc
|2 rdacarrier
|
| 490 |
1 |
|
|a Applied mathematical sciences ;
|v v. 120
|
| 504 |
|
|
|a Includes bibliographical references (pages [261]-278) and index.
|
| 650 |
|
0 |
|a Inverse problems (Differential equations)
|
| 830 |
|
0 |
|a Applied mathematical sciences (Springer-Verlag New York Inc.) ;
|v v. 120.
|
| 999 |
|
|
|a MARS
|
| 999 |
f |
f |
|s 2ab75eff-7a7d-3f4a-8e6d-da92566b78d4
|i 6ebc17b4-681d-3231-918c-4f0fd46c7374
|t 0
|
| 952 |
f |
f |
|p normal
|a Texas A&M University
|b College Station
|c Sterling C. Evans Library
|d Evans: Library Stacks
|t 0
|e QA1 .A647 v.120
|h Library of Congress classification
|i unmediated -- volume
|m A14820495395
|
| 998 |
f |
f |
|a QA1 .A647 v.120
|t 0
|l Evans: Library Stacks
|